|
|
|
|
| LEADER |
01687nam a2200265 i 4500 |
| 003 |
GR-PaULI |
| 005 |
20220328140154.0 |
| 008 |
220216t2020 gr aed|g |||| 001 0 gre d |
| 952 |
|
|
|0 0
|1 0
|2 ddc
|4 0
|6 660_284000000000000_2_ΧΡΥ
|7 0
|9 356340
|a LISP
|b LISP
|c BSC
|d 2022-02-16
|i 255203
|l 0
|o 660.284 2 ΧΡΥ
|p 025000290198
|r 2022-02-16 00:00:00
|t 1
|w 2022-02-16
|y BK15
|
| 952 |
|
|
|0 0
|1 0
|2 ddc
|4 0
|6 660_284000000000000_2_ΧΡΥ
|7 0
|9 356341
|a LISP
|b LISP
|c BSC
|d 2022-02-16
|i 255202
|l 0
|o 660.284 2 ΧΡΥ
|p 025000278039
|r 2022-02-16 00:00:00
|t 2
|w 2022-02-16
|y BK15
|
| 952 |
|
|
|0 0
|1 0
|2 ddc
|4 0
|6 660_284000000000000_2_ΧΡΥ
|7 0
|9 356588
|a MSLG
|b MSLG
|c EUD
|d 2022-02-21
|i 29696
|l 0
|o 660.284 2 ΧΡΥ
|p 992420029696
|r 2022-02-21 00:00:00
|t 3
|w 2022-02-21
|y BK15
|
| 952 |
|
|
|0 0
|1 0
|2 ddc
|4 0
|6 660_284000000000000_2_ΧΡΥ
|7 0
|9 356589
|a MSLG
|b MSLG
|c EUD
|d 2022-02-21
|i 29697
|l 0
|o 660.284 2 ΧΡΥ
|p 992420029697
|r 2022-02-21 00:00:00
|t 4
|w 2022-02-21
|y BK15
|
| 999 |
|
|
|c 208703
|d 208703
|
| 020 |
|
|
|a 9789604188727
|
| 040 |
|
|
|a GR-PaULI
|b gre
|c GR-PaULI
|e AACR2
|
| 082 |
0 |
4 |
|2 23
|a 660.284 2
|
| 100 |
1 |
|
|9 135496
|a Χρυσικόπουλος, Κωνσταντίνος Β.
|e συγγραφέας.
|
| 245 |
1 |
0 |
|a Φαινόμενα μεταφοράς στο υπέδαφος και σε περιβαλλοντικά συστήματα /
|c Κωνσταντίνος Β. Χρυσικόπουλος.
|
| 260 |
|
|
|a Θεσσαλονίκη :
|b Τζιόλας,
|c c2020.
|
| 300 |
|
|
|a ix, 501 σ. :
|b εικ. ;
|c 25 εκ.
|
| 504 |
|
|
|a Περιλαμβάνει βιβλιογραφία και ευρετήριο.
|
| 650 |
|
4 |
|9 11825
|a Μεταφορά, Θεωρία της
|
| 650 |
|
4 |
|9 17260
|a Υπέδαφος
|
| 942 |
|
|
|2 ddc
|c BK15
|
| 998 |
|
|
|c ΛΟΤΣΑΡΗ
|d 2022-02
|